Sports Quiz

Random Sports or Baseball Quiz

1987 MLB All-Star Rosters Quiz Stats

 Plays Quiz not verified by Sporcle

Challenge
Share
Tweet
Embed
Score 0/58 Timer 10:00
0 Plays Today
Team % Correct
NL StartersRyne Sandberg
99.3%
NL StartersGary Carter
99%
NL StartersOzzie Smith
98.7%
AL StartersCal Ripken
98%
NL StartersMike Schmidt
97.7%
NL ReservesLee Smith
97.7%
AL StartersWade Boggs
97.4%
NL StartersDarryl Strawberry
97%
AL ReservesGeorge Brett
96.4%
AL StartersDon Mattingly
96.1%
NL StartersAndre Dawson
94.4%
NL StartersJack Clark
91.8%
AL ReservesMark McGwire
91.8%
AL StartersGeorge Bell
90.5%
NL ReservesKeith Hernandez
89.8%
AL StartersDave Winfield
89.5%
AL StartersBret Saberhagen
89.5%
NL ReservesTony Gwynn
89.2%
AL ReservesAlan Trammell
88.5%
NL StartersEric Davis
87.5%
AL ReservesLou Whitaker
86.2%
NL StartersMike Scott
85.9%
AL StartersRickey Henderson
85.2%
NL ReservesDale Murphy
85.2%
AL ReservesKirby Puckett
83.9%
AL StartersWillie Randolph
82%
NL ReservesTim Raines
82%
NL ReservesTim Wallach
80.7%
AL ReservesTony Fernandez
79.7%
Team % Correct
NL ReservesSid Fernandez
79.3%
NL ReservesWillie McGee
79%
AL ReservesJack Morris
76.7%
AL ReservesHarold Reynolds
74.1%
AL ReservesLarry Parrish
73.1%
AL ReservesHarold Baines
72.8%
NL ReservesOrel Hershiser
67.9%
AL ReservesMark Langston
65.9%
NL ReservesPedro Guerrero
62.6%
NL ReservesRick Sutcliffe
61.3%
NL ReservesJuan Samuel
59.3%
AL ReservesKevin Seitzer
58.7%
AL ReservesDwight Evans
58%
AL ReservesTom Henke
56.4%
AL ReservesMatt Nokes
56.1%
AL ReservesBruce Hurst
52.8%
NL ReservesJohn Franco
52.1%
AL ReservesDave Righetti
50.2%
NL ReservesSteve Bedrosian
46.9%
NL ReservesHubie Brooks
45.6%
AL ReservesMike Witt
45.2%
NL ReservesJeffrey Leonard
44.6%
AL StartersTerry Kennedy
43.3%
NL ReservesBo Diaz
40.3%
NL ReservesOzzie Virgil
39.7%
AL ReservesDan Plesac
34.4%
AL ReservesPat Tabler
26.9%
NL ReservesRick Reuschel
22.6%
AL ReservesJay Howell
18%

You're not logged in!

Compare scores with friends on all Sporcle quizzes.
Join for Free
OR
Log In

You Might Also Like...

Show Comments

Extras

Top Quizzes Today


Score Distribution

Your Account Isn't Verified!

In order to create a playlist on Sporcle, you need to verify the email address you used during registration. Go to your Sporcle Settings to finish the process.

Report this User

Report this user for behavior that violates our Community Guidelines.

Details: